000 01025nam0a22002651 4500
001 rc\3767024
005 20260408001658.0
021 _aRU
_bРг3002-76
035 _a(NLR Aleph) 007218325
090 _a7689584
_c7689584
100 _a20120127d1975 |||y0rusy50 ca
101 0 _arus
102 _aRU
105 _aa b |||||
200 1 _aАвтотрансформаторы однофазные трехобмоточные типа АОДЦТН-167000/500.220, АОДЦТН-267000/500/220
_eКаталог
_fИзготовитель: Запорож. трансформаторный з-д
210 _aМосква
_cБ. и.
_d[1975]
215 _a3 с., 1 л. схем
_d30
225 1 _aИнформэлектро
_v03.02.37-75
309 _aБез тит. л. и обл.
712 0 2 _aЗапорожский трансформаторный завод
_3RU\NLR\AUTH\8810165999
_9827994
801 0 _aRU
_bNLR
_gpsbo
801 1 _aRU
_bELAR
_2rusmarc
852 _aNLR
_jПт 20/1-03.02.37-75
942 _cBOOK
980 _aNB